[Event "Oslo Chess Festival 2017"]
[Site "Oslo"]
[Date "2017.10.07"]
[Round "10"]
[White "Urkedal, Frode"]
[Black "Stany, G A"]
[Result "1-0"]
[WhiteElo "2570"]
[BlackElo "2491"]
[Annotator "TA"]
[PlyCount "83"]
[EventDate "2017.??.??"]
[EventType "swiss"]
[EventCountry "NOR"]
[SourceTitle "playchess.com"]
[Source "ChessBase"]
[SourceQuality "1"]

{[%evp 24,83,70,67,98,106,126,119,112,127,127,127,123,112,111,60,143,143,146,93,113,109,87,108,163,169,177,170,160,152,176,2,0,7,37,-148,120,0,0,0,137,139,158,29,26,30,29,31,200,0,8,1,484,479,507,500,500,497,483,481,29990,29991]} 1. d4 Nf6 2. c4 g6 3. Nc3 d5 4. cxd5 Nxd5 5. e4 Nxc3 6. bxc3 Bg7 7. Bc4 c5 8. Ne2 O-O 9. O-O Qc7 10. Bf4 e5 {D87: Exchange Grünfeld: Classical Line: Variations without ...cxd4} (10... Qd7 11. Rb1 cxd4 12. cxd4 b6 13. Qd3 Nc6 14. Bb5 a6 15. Bxc6 Qxc6 16. Rfc1 Qa4 17. Rc4 Qxa2 18. Nc3 {1-0 (44) Zhao,X (2470)-Zhu,C (2485) Hangzhou 2011}) 11. Bxe5 Bxe5 12. dxe5 Qxe5 13. Bd5 {LiveBook: 4 Games} Nd7 14. f4 Qe7 15. c4 $1 Nb6 16. Nc3 Be6 17. Qb3 $146 ({Predecessor:} 17. Qd3 Rfd8 18. a4 {1-0 (30) Gligoric,S-Wexler,B Buenos Aires 1960}) 17... Bxd5 18. cxd5 (18. exd5 Qe3+ 19. Rf2 Qd4 $15) (18. Nxd5 $6 Nxd5 19. exd5 Rfe8 $14) 18... c4 19. Qb5 (19. Qd1 $16) 19... Rac8 (19... Qa3 $14 20. Rf3 f6) 20. a4 $16 Rfd8 21. a5 ({White should try} 21. Kh1) 21... Nd7 22. Kh1 Qc5 23. Qb2 Nf6 (23... b6 $16 {was called for.}) 24. d6 $1 $18 (24. Qxb7 Qd4 $15) 24... b5 {...b4 is the strong threat.} 25. axb6 $1 axb6 26. e5 Nd5 27. Ne4 $2 ({White should play} 27. Nxd5 $18 Qxd5 28. Qxb6) 27... c3 $11 28. Qc2 Qc4 {White must now prevent ...Ne3.} 29. Rf3 $2 (29. Rfe1 $14) 29... f5 $2 {[%mdl 8192]} (29... b5 $17 {keeps the pressure on. Strongly threatening ...b4.} 30. f5 b4 31. fxg6 hxg6) 30. Nxc3 (30. exf6 $16 Nb4 31. Qxc3 Qxc3 32. Rxc3 (32. Nxc3 Rxd6 33. g3 Rc4 $14) 32... Rxc3 33. Nxc3) 30... b5 $1 {[%cal Rb5b4] And now ...b4 would win.} ({Don't blunder} 30... Nxc3 $2 31. Rc1 $18) 31. Rc1 $1 {Hoping for Qd2.} Nxf4 (31... b4 $11 {keeps the balance.} 32. Nxd5 Qxc2 33. Rxc2 Rxc2) 32. Qd2 $16 b4 33. Rxf4 (33. Na2 $16 Qd5 34. Qxf4 Qxa2 35. Rxc8 Rxc8 36. Rf1) 33... bxc3 $11 34. Qe3 ({Not} 34. Rxc4 $2 cxd2 35. Rxc8 Rxc8 $19) 34... Qc5 35. Rd4 c2 $2 (35... Rd7 $1 $14) 36. Qb3+ $2 (36. Qf4 $18) 36... Kh8 37. Rd5 $36 {[%mdl 2048] White has some pressure.} Qc6 $2 {[%mdl 8192]} (37... Qc4 $11 {and Black stays safe.} 38. Qxc4 Rxc4) 38. Rd2 $18 Qe4 {[#]} 39. e6 $1 Qe5 40. e7 Rxd6 {[#]} 41. Qf7 $1 {[%cal Rf7f8][%mdl 512] Intending Qf8+ and mate.} Qg7 ({Worse is} 41... Rxd2 42. Qf8+ Rxf8 43. exf8=Q#) (41... Qxe7 $18 42. Qxe7 Rxd2) 42. e8=Q+ {Precision: White = 48%, Black = 30%.} 1-0

[Event "Oslo Chess Festival 2017"]
[Site "Oslo"]
[Date "2017.10.07"]
[Round "10"]
[White "Chatalbashev, Boris"]
[Black "Haug, Johannes"]
[Result "1-0"]
[WhiteElo "2537"]
[BlackElo "2379"]
[Annotator "TA"]
[PlyCount "85"]
[EventDate "2017.??.??"]
[EventType "swiss"]
[EventCountry "NOR"]
[SourceTitle "playchess.com"]
[Source "ChessBase"]
[SourceQuality "1"]

{[%evp 24,85,8,14,26,0,20,12,68,51,56,60,108,104,124,115,119,111,126,127,160,127,110,72,72,77,117,118,139,0,158,135,229,259,354,354,379,384,371,386,381,377,376,370,370,342,403,397,520,472,520,520,507,503,607,604,604,604,587,565,604,600,7040,7040]} 1. g3 Nf6 2. Bg2 d5 3. Nf3 e6 4. O-O c5 5. c4 d4 6. e3 Nc6 7. exd4 cxd4 8. d3 Bd6 {A13: English Opening: 1...e6} 9. Bg5 (9. a3 a5 10. Bg5 h6 11. Bxf6 Qxf6 12. Nbd2 Qe7 13. Ne4 Bc7 14. b4 axb4 15. axb4 Rxa1 16. Qxa1 Qxb4 {½-½ (30) Nakamura,H (2792)-Fedoseev,V (2731) Tbilisi 2017}) 9... h6 10. Bxf6 Qxf6 11. Nbd2 {[%cal Bb1d2,Bd2c4,Bc4d6][%mdl 32]} Qd8 12. a3 a5 13. Rc1 {LiveBook: 13 Games} O-O 14. c5 Bc7 15. Re1 e5 (15... Bd7 $11) 16. Nc4 $14 {[%cal Rf3e5] [#]} Qf6 $146 17. Nfd2 Bd7 18. Ne4 Qe6 19. Ned6 Bxd6 20. Nxd6 Rab8 21. f4 b6 22. Qc2 f6 23. f5 Qe7 24. Qa4 $36 {[%mdl 2048] White has strong initiative.} Nd8 25. Qxd4 bxc5 26. Rxc5 (26. Qxc5 $16 Rxb2 27. d4) 26... Nf7 $2 (26... Be6 $1 $11 27. Qf2 Qxd6 28. fxe6 Nxe6 29. Rxa5 Qxd3) 27. Nxf7 Rxf7 (27... Qxf7 $16 28. Qd6 Qe8) 28. Bd5 $18 {aiming for Qc4.} Bxf5 {[#] Black wants to play ...Be6.} 29. Qc4 $1 ({Worse is} 29. Rxa5 Be6 $11) 29... Qa7 30. Bxf7+ Qxf7 31. Qxf7+ Kxf7 {[%mdl 4096] Endgame KRR-KRB} 32. d4 Rxb2 33. dxe5 fxe5 34. Rcxe5 Bc8 35. Rxa5 Bb7 36. Rf5+ {White is clearly winning.} Kg6 37. Rf2 Rb3 38. Ra1 h5 39. a4 {[%cal Ba3a4,Ba4a5][%mdl 32]} h4 40. a5 hxg3 41. hxg3 Rxg3+ 42. Kh2 Rg5 43. Rg1 {Precision: White = 95%, Black = 37%.} 1-0

[Event "Oslo Chess Festival 2017"]
[Site "Oslo"]
[Date "2017.10.07"]
[Round "10"]
[White "Blomqvist, Erik"]
[Black "Gajewski, Grzegorz"]
[Result "1-0"]
[WhiteElo "2521"]
[BlackElo "2630"]
[Annotator "TA"]
[PlyCount "77"]
[EventDate "2017.??.??"]
[EventType "swiss"]
[EventCountry "NOR"]
[SourceTitle "playchess.com"]
[Source "ChessBase"]
[SourceQuality "1"]

{[%evp 18,77,25,25,53,30,82,80,85,98,75,51,46,52,43,39,54,54,58,35,43,54,45,46,43,50,64,52,63,58,55,58,50,54,47,30,30,29,102,102,105,105,120,108,116,116,116,116,116,119,198,198,198,191,196,169,366,359,648,624,602,595]} 1. Nf3 d5 2. g3 c6 3. c4 Nf6 4. Bg2 g6 5. b3 Bg7 6. Bb2 O-O 7. O-O Bg4 8. d3 {[%cal Bd2d3,Bd3d4][%mdl 32]} Nbd7 9. Nbd2 Re8 10. d4 {LiveBook: 13 Games. A11: English Opening: 1...c6} (10. h3 Bxf3 11. Bxf3 e5 12. cxd5 cxd5 13. Bg2 a5 14. Rc1 Nb8 15. Nb1 Bh6 16. Rc5 Qb6 17. Rxd5 Nxd5 18. Bxd5 Nd7 19. Nc3 {½-½ (41) Shimanov,A (2646)-Zherebukh,Y (2621) Saint Louis 2017}) 10... Ne4 11. cxd5 cxd5 (11... Nxd2 $1 $11 12. Qxd2 (12. Nxd2 cxd5 13. Bxd5 Nc5 $11) 12... cxd5) 12. Nxe4 $146 {White is better.} ({Predecessor:} 12. Ne5 Nxe5 13. dxe5 Qa5 14. Nxe4 dxe4 15. Bxe4 Rad8 16. Qe1 Qa6 17. f3 Bh3 {0-1 (40) Christian,M-Al Sharhan,F Dubai 1986}) 12... dxe4 13. Nd2 e5 14. Nxe4 exd4 15. Bxd4 Bxe2 16. Qxe2 Bxd4 17. Rad1 Nc5 {[%cal Bd7c5,Bc5e6,Be6d4,Bd4e2][%mdl 32]} 18. Qc4 Ne6 19. Rxd4 Qxd4 20. Qxd4 Nxd4 21. Nf6+ Kg7 22. Nxe8+ Rxe8 23. Bxb7 $14 {[%mdl 4096] Endgame KRB-KRN} Ne2+ 24. Kg2 Nc3 $1 25. Bf3 a5 26. Rc1 Nxa2 27. Rc5 Rb8 (27... Nb4 $11 {remains equal.}) 28. Bd5 $1 $16 Nb4 29. Bc4 ({Much worse is} 29. Rxa5 $6 Nxd5 30. Rxd5 Rxb3 $11) 29... Ra8 30. Rc7 a4 {aiming for ...a3.} 31. bxa4 Rxa4 32. Rxf7+ Kh8 33. h4 Na6 (33... Nc2 $16 {might work better.}) 34. Rf8+ $1 $18 Kg7 {[#]} 35. Rg8+ $1 Kf6 {[#]} 36. Rc8 $1 Nb4 $2 (36... Kg7 37. g4 Nb4 38. Rc7+ Kh8) 37. Rc7 h6 $2 (37... g5 38. Rf7+ Kg6) 38. Rb7 Nc2 39. Bb3 {Precision: White = 96%, Black = 43%.} 1-0

[Event "Oslo Chess Festival 2017"]
[Site "Oslo"]
[Date "2017.10.07"]
[Round "10"]
[White "Notkevich, Benjamin Arvola"]
[Black "Vovk, Andriy"]
[Result "1/2-1/2"]
[WhiteElo "2458"]
[BlackElo "2622"]
[Annotator "TA"]
[PlyCount "49"]
[EventDate "2017.??.??"]
[EventType "swiss"]
[EventCountry "NOR"]
[SourceTitle "playchess.com"]
[Source "ChessBase"]
[SourceQuality "1"]

{[%evp 23,24,20,19]} 1. d4 Nf6 2. c4 g6 3. Nc3 Bg7 4. e4 d6 5. Nf3 O-O 6. Be2 e5 7. O-O Na6 8. Re1 c6 9. Bf1 exd4 10. Nxd4 Ng4 11. h3 Qb6 12. hxg4 Qxd4 {LiveBook: 181 Games} {Predecessor:} 13. g5 $146 Qe5 14. g3 Qe7 15. Be3 Nc5 16. Bg2 Nd7 17. Bd4 Ne5 18. f4 Bg4 19. Qb3 Nf3+ 20. Bxf3 Bxd4+ 21. Kg2 Be6 22. Rad1 Bh8 23. Qa3 c5 24. Nb5 Rad8 25. Qd3 {½-½ (25) Kasimdzhanov,R (2693)-Adhiban,B (2609) Sharjah 2014} 1/2-1/2

[Event "Oslo Chess Festival 2017"]
[Site "Oslo"]
[Date "2017.10.07"]
[Round "10"]
[White "Bartholomew, John"]
[Black "Cornette, Matthieu"]
[Result "0-1"]
[WhiteElo "2449"]
[BlackElo "2602"]
[Annotator "TA"]
[PlyCount "76"]
[EventDate "2017.??.??"]
[EventType "swiss"]
[EventCountry "NOR"]
[SourceTitle "playchess.com"]
[Source "ChessBase"]
[SourceQuality "1"]

{[%evp 9,76,12,22,12,20,19,14,0,7,-6,2,0,0,0,8,9,18,0,20,24,29,27,27,18,16,0,0,-7,-6,-172,-182,-182,-119,-263,-263,-270,-263,-223,-278,-250,-244,-316,-300,-347,-305,-330,-337,-337,-331,-339,-337,-308,-301,-365,-307,-372,-379,-404,-401,-871,-557,-526,-508,-902,-750,-29987,-29988,-29991,-29992]} 1. Nf3 b6 2. d4 Bb7 3. Bg5 (3. c4 e6 4. a3 f5 5. Nc3 Nf6 6. g3 Ne4 7. Bd2 Be7 8. Bg2 O-O 9. O-O Bf6 10. Rc1 d6 11. d5 Nxc3 12. Bxc3 Bxc3 13. Rxc3 e5 14. c5 bxc5 15. Nxe5 dxe5 16. Qb3 Ba6 17. d6+ c4 18. dxc7 Qxc7 19. Bxa8 Kh8 20. Bd5 Nd7 21. Bxc4 {1-0 (21) Wang,Y (2699)-Torre,E (2458) Ashkhabad 2017}) 3... h6 4. Bh4 g5 5. Bg3 Bg7 $146 ({Vorgänger:} 5... e6 6. e3 d6 7. Nc3 Ne7 8. h4 Nf5 9. hxg5 Nxg3 10. fxg3 Bg7 11. gxh6 Rxh6 {1-0 (34) Manolache,M (2530)-Titu Maiorescu,D (2245) Cluj 2008}) 6. e3 {A40: Verschiedene (seltene) Antworten auf 1.d4} Nf6 7. Nbd2 d6 8. Bb5+ {Die Stellung ist ausgeglichen.} Nbd7 9. Qe2 a6 10. Bd3 Nh5 11. c3 e6 12. O-O-O Qe7 13. Kb1 c5 14. Ne4 Nxg3 15. Nxg3 h5 16. h4 g4 17. Ng5 Bxg2 18. Rhg1 Bb7 $36 {[%mdl 2048] Mit der Idee ...Lh6. Schwarz hat gut koordiniertes Spiel.} 19. d5 $2 (19. f3 $11 {und Weiss muss sich keine Sorgen machen.}) 19... Bxd5 $19 20. Bxa6 {[#] beabsichtigt Txd5!} Bxa2+ $1 {[%mdl 512]} 21. Kc2 (21. Kxa2 $17 {war erzwungen.} Nb8 22. Kb3 Rxa6 23. Qb5+ Kf8 24. Ra1 Rxa1 25. Rxa1) 21... f6 22. N5e4 {[#]} d5 $1 23. Ra1 {[#]} Rxa6 $1 ({Viel schwächer ist} 23... dxe4 24. Rxa2 f5 25. Rga1 $17) 24. Qxa6 Bc4 25. Qc8+ Kf7 {[%cal Be8f7,Bf7g7,Bg7h6][%mdl 32]} 26. Qc7 {[#]} Bd3+ $1 {[%mdl 512]} 27. Kd2 (27. Kxd3 Ne5+) 27... dxe4 (27... Bxe4 $2 28. Ra7 $19) 28. Ra7 Rd8 29. Nxh5 f5 {Droht stark ...Le5.} 30. Nxg7 Kxg7 31. Rh1 Kh6 32. Qf4+ Kh5 33. Rc7 Qf6 34. f3 (34. Kc1 $142) 34... e5 35. fxg4+ fxg4 36. Qg3 (36. Qg5+ $142 Qxg5 37. hxg5+ Kxg5 38. Ke1) 36... Bb5 {Und weiter mit ...Dd6+ wäre nett.} 37. c4 Qd6+ 38. Ke1 Nf6 {Precision: Weiß = 43%, Schwarz = 60%.} 0-1

[Event "Oslo Chess Festival 2017"]
[Site "Oslo"]
[Date "2017.10.07"]
[Round "10"]
[White "Xu, Yi"]
[Black "Li, Di"]
[Result "1/2-1/2"]
[WhiteElo "2439"]
[BlackElo "2459"]
[Annotator "TA"]
[PlyCount "58"]
[EventDate "2017.??.??"]
[EventType "swiss"]
[EventCountry "NOR"]
[SourceTitle "playchess.com"]
[Source "ChessBase"]
[SourceQuality "1"]

{[%evp 29,58,0,0,0,0,-37,0,0,0,0,0,0,0,0,0,0,0,0,0,0,0,0,0,0,0,0,0,0,0,0,0]} 1. e4 e5 2. Nf3 Nf6 3. Nxe5 d6 4. Nf3 Nxe4 5. d4 d5 6. Bd3 Nc6 7. O-O Be7 8. c4 Nb4 9. cxd5 Nxd3 10. Qxd3 Qxd5 11. Re1 Bf5 {C42: Russische Verteidigung (Petrow)} 12. g4 Bg6 13. Nc3 (13. Qc3 f6 14. Qxc7 O-O {½-½ (14) Wei,Y (2709)-Wang,Y (2737) Shenzhen 2016}) 13... Nxc3 14. Qxc3 f6 15. Qxc7 O-O {[%cal Be8g8,Bg8h8,Bh8g7][%mdl 32] LiveBook: 10 Partien} 16. Rxe7 Qxf3 17. Rxg7+ Kh8 18. Bh6 {[#] Weiss droht Txh7+! und Matt.Die Stellung ist ausgeglichen.} Qxg4+ 19. Qg3 Qxd4 {Droht ...Tg8 und aus.} 20. Rxg6 (20. Rxb7 Rg8) 20... hxg6 21. Bxf8 Rxf8 $11 {[%mdl 4096] Endspiel KDT-KDT} 22. Re1 $146 Kg7 23. Re7+ Rf7 24. Rxf7+ Kxf7 {KD-KD} 25. Qb3+ Kf8 26. Qxb7 Qd1+ 27. Kg2 Qg4+ 28. Kf1 {Db8+ ist eine echte Drohung.} Qd1+ 29. Kg2 {[#] Und Db8+ würde nun gewinnen.} Qg4+ 1/2-1/2

[Event "Oslo Chess Festival 2017"]
[Site "Oslo"]
[Date "2017.10.07"]
[Round "10"]
[White "Djurhuus, Rune"]
[Black "Chu, Wei Chao"]
[Result "1-0"]
[WhiteElo "2417"]
[BlackElo "2340"]
[Annotator "TA"]
[PlyCount "107"]
[EventDate "2017.??.??"]
[EventType "swiss"]
[EventCountry "NOR"]
[SourceTitle "playchess.com"]
[Source "ChessBase"]
[SourceQuality "1"]

{[%evp 19,107,13,37,-68,-62,-50,-59,-70,-45,-43,-37,-57,-46,-67,-63,-43,-29,-30,-31,-48,-36,-80,-86,-75,-45,-25,-41,-82,-107,-97,-89,-87,-80,-207,-8,-24,-8,-14,-2,-17,0,0,0,0,4,-20,31,1,77,0,11,11,11,11,18,18,18,15,15,15,16,0,0,0,0,0,0,0,0,0,0,0,0,0,15,15,15,15,79,65,250,250,246,240,599,574,29973,29974,29974,29975]} 1. e4 c5 2. Nf3 Nc6 3. Nc3 g6 4. d4 cxd4 5. Nxd4 Bg7 6. Nb3 Nf6 7. Be2 d6 8. O-O O-O 9. Bg5 Be6 10. Qd2 a5 {[%cal Ba7a5,Ba5a4,Ba4a3][%mdl 32] LiveBook: 8 Games. Threatening ...a4. B70: Sicilian Dragon: 6 g3 and 6 Be2 (without a later Be3)} 11. Bh6 (11. a4 $14) 11... Bxh6 $1 $15 12. Qxh6 a4 {Black is slightly better.} 13. Nd2 a3 $146 {And now ...Nd4 would win.} ({Predecessor:} 13... Nd4 14. Bd3 Qa5 15. Qe3 Qa7 16. a3 Rfc8 17. h3 b5 18. Rac1 {1-0 (51) Messa,R (2325)-Trabattoni,F (2310) Reggio Emilia 1981}) 14. b3 Nd4 15. Bd1 Qa5 16. Qe3 Rfc8 17. Qxd4 {aiming for Ne2.} Qxc3 18. Qxc3 Rxc3 19. f3 b5 20. Rc1 d5 $36 {[%mdl 2048] Black is really pushing.} 21. Nb1 Rc7 22. Be2 b4 23. c3 dxe4 {White must now prevent ...Bxb3!} 24. cxb4 Rxc1 $1 25. Rxc1 {[#]} Bxb3 $1 {[%mdl 512]} 26. Nc3 (26. Bc4 $17 Bxc4 27. Rxc4) (26. axb3 a2) 26... Be6 $2 ({Black should try} 26... Nd5 $19 {Hoping for ...Rc8.} 27. Nxd5 Bxd5) 27. fxe4 $11 Rd8 28. b5 Rc8 29. Bd3 ({Much worse is} 29. b6 Nd7 $17) 29... Nd7 30. Kf2 Kf8 31. Ke3 f6 32. h3 g5 (32... Ne5 $11) 33. Rc2 Ne5 (33... Bf7 $11) 34. Nb1 ({Better is} 34. Nd5 $16) 34... Ra8 35. Be2 Ke8 36. Rc3 Bxa2 37. Rxa3 Rxa3+ 38. Nxa3 {[%mdl 4096] Endgame KBN-KBN} Kd7 39. Kd4 Bb3 40. Kc5 Kc7 41. b6+ Kb7 42. Bb5 h5 43. Nb1 Bc2 44. Nd2 h4 45. Be8 Nd3+ 46. Kb5 $1 Nf4 47. Bc6+ Kb8 48. e5 fxe5 {[#]} (48... f5 $11 {keeps the balance.}) 49. Nf3 $1 $16 Ne6 $2 (49... Bd3+ $1 $14 50. Ka5 Bf5) 50. Nxe5 $18 {White wants to mate with Nd7+.} Nd4+ {[#]} 51. Ka6 $1 Bf5 $2 (51... Bd3+ 52. Nxd3 Nxc6) 52. b7 Nb3 {If Black can now play ...Nc5+ this consolidates a bit.} 53. Kb6 Nd4 54. Bd5 {Precision: White = 56%, Black = 40%.} 1-0

[Event "Oslo Chess Festival 2017"]
[Site "Oslo"]
[Date "2017.10.07"]
[Round "10"]
[White "Pigott, John C"]
[Black "Gabrielsen, Stig"]
[Result "0-1"]
[WhiteElo "2408"]
[BlackElo "2314"]
[Annotator "TA"]
[PlyCount "45"]
[EventDate "2017.??.??"]
[EventType "swiss"]
[EventCountry "NOR"]
[SourceTitle "playchess.com"]
[Source "ChessBase"]
[SourceQuality "1"]

{[%evp 27,45,36,67,0,39,0,101,103,258,265,251,256,310,317,302,290,436,428,897,896]} 1. c4 c5 2. Nf3 Nf6 3. Nc3 e6 4. e3 Nc6 5. d4 d5 6. cxd5 exd5 7. Bb5 Bd6 8. dxc5 Bxc5 9. O-O O-O 10. b3 Bg4 11. Bb2 Rc8 12. Rc1 {D32: Tarrasch Defence: Sidelines and lines without g3} Bd6 (12... a6 13. Be2 Ba7 14. h3 Bh5 15. Nh4 Bg6 16. Nxg6 hxg6 17. Bf3 d4 18. exd4 Bxd4 19. Na4 Bxb2 20. Nxb2 Nd4 21. Rxc8 Nxf3+ 22. Qxf3 Qxc8 {0-1 (64) Topalov,V (2793)-Karjakin,S (2767) Stavanger 2013}) 13. Ne2 {[#]} a6 $146 ({Predecessor:} 13... Bxf3 14. gxf3 Be5 15. Ba3 Bd6 16. Bb2 Ne5 17. Ng3 Rxc1 18. Bxc1 Qa5 19. a4 Bb4 {½-½ (28) Golubovic,B (2392)-Vuckovic,B (2630) Rijeka 2010}) 14. Bxc6 bxc6 {LiveBook: 9 Games} 15. Qd3 ({White should play} 15. Ne5 $14) 15... Ne4 16. Qd4 {[%csl Gb2][%cal Rd4g7]} f6 {[#]} (16... Nf6 $1 $11 {remains equal.}) 17. Rxc6 $1 $16 {[%mdl 512]} Bxf3 $2 (17... Bxh2+ $16 18. Nxh2 Rxc6 19. Nxg4 Rc2) (17... Rxc6 18. Qxd5+) 18. Rxc8 $18 ({Less strong is} 18. gxf3 Bxh2+ 19. Kxh2 Rxc6 $14) ({Much less strong is} 18. Qxd5+ $6 Kh8 $18) 18... Qxc8 19. gxf3 {[%cal Bg2f3,Bf3f4][%mdl 32]} Qh3 {[%csl Gd6][%cal Rh3h2]} 20. Qxd5+ Kh8 {[%csl Gd6][%cal Rh3h2] [#]} 21. f4 $1 ({Weaker is} 21. Ng3 Nxg3 22. fxg3 (22. hxg3 Bxg3 23. fxg3 Qxg3+ 24. Kh1 Qh3+ 25. Kg1 Qg3+ 26. Kh1 Qh3+ 27. Kg1 Qg3+ $11) 22... Bxg3 $14) 21... f5 (21... Qg4+ {keeps fighting.} 22. Ng3 Nxg3 23. hxg3 Bb4) 22. Ng3 Qg4 (22... Be7 $142 23. Rc1 Qg4) 23. f3 {[%mdl 32768] Loss on Time!?} 0-1

[Event "Oslo Chess Festival 2017"]
[Site "Oslo"]
[Date "2017.10.07"]
[Round "10"]
[White "Vogt, Lothar"]
[Black "Sousa, Ludy Helsio Paulo"]
[Result "1-0"]
[WhiteElo "2401"]
[BlackElo "2171"]
[Annotator "TA"]
[PlyCount "51"]
[EventDate "2017.??.??"]
[EventType "swiss"]
[EventCountry "NOR"]
[SourceTitle "playchess.com"]
[Source "ChessBase"]
[SourceQuality "1"]

{[%evp 13,51,54,54,43,75,68,143,75,372,362,562,546,553,517,545,479,556,418,652,473,675,648,748,761,751,748,731,721,1447,1440,29979,1903,29987,29988,29993,29994,29994,29995,29998,29999]} 1. e4 c5 2. c3 d6 3. d4 Nd7 4. Nf3 Qc7 5. Bd3 Ngf6 6. O-O {B22: Sicilian: 2 c3} e5 (6... g6 7. Re1 e5 8. Na3 a6 9. b4 cxd4 10. cxd4 Bg7 11. Bb2 O-O 12. Rc1 Qb8 13. Nc4 {½-½ (28) Kosteniuk,A (2543)-Milov,V (2622) Bern 2014}) 7. dxe5 dxe5 {LiveBook: 5 Games} 8. Nbd2 {White is slightly better.} a6 $146 ({Predecessor:} 8... Be7 9. a4 O-O 10. Re1 Rd8 11. Bc4 Nb6 12. Ba2 a5 {½-½ (59) Cuartas,J (2455)-Herrera Reyes,J (2253) Barcelona 2016}) 9. a4 b6 (9... Nb8 $14) 10. Qb3 (10. Bc4 $142) 10... h6 $2 {[%mdl 8192]} (10... Bd6 $16) 11. Bc4 $18 Nb8 {[#]} (11... Kd8 {was worth a try.} 12. Bxf7 g5) 12. Nxe5 $1 {[%mdl 512]} Qxe5 13. Bxf7+ Kd8 14. Nf3 Qc7 15. e5 c4 (15... Nfd7 $142 16. Rd1 Bb7) 16. Bxc4 Ne4 (16... Nfd7 $142 17. Rd1 Nc6) 17. Rd1+ Ke8 18. Bd5 Bb7 19. Qc2 Bxd5 20. Rxd5 Nc5 21. Qg6+ Ke7 {[#]} 22. Nd4 (22. e6 $142 $1 {[%mdl 512]} Nxe6 {[#]} 23. Ng5 $1 {[%mdl 512]} Qxh2+ 24. Kxh2 hxg5+ 25. Kg1 Nd7 26. Bxg5+ Nf6 27. Re1) 22... Ncd7 23. e6 {White mates.} Qb7 24. Qf7+ Kd8 25. exd7 Nxd7 26. Ne6+ {Precision: White = 81%, Black = 14%.} 1-0

[Event "Oslo Chess Festival 2017"]
[Site "Oslo"]
[Date "2017.10.07"]
[Round "10"]
[White "Maksimovic, Branimir"]
[Black "Rishovd, Svein"]
[Result "1-0"]
[WhiteElo "2343"]
[BlackElo "2109"]
[Annotator "TA"]
[PlyCount "81"]
[EventDate "2017.??.??"]
[EventType "swiss"]
[EventCountry "NOR"]
[SourceTitle "playchess.com"]
[Source "ChessBase"]
[SourceQuality "1"]

{[%evp 21,81,0,12,-7,0,-10,-14,-94,-59,-58,-57,-67,-72,-65,-32,-81,0,0,0,-5,5,0,4,4,12,6,122,45,52,50,75,-25,53,51,63,63,70,52,59,29,87,76,253,228,231,243,253,253,1127,1079,950,950,950,944,939,934,917,882,29975,29976,29972,29973]} 1. e4 e6 2. d4 d5 3. Nd2 c5 4. exd5 Qxd5 5. Ngf3 cxd4 6. Bc4 Qd8 7. O-O Nc6 8. Nb3 a6 {C07: French Tarrasch: 3...c5, 4 Ngf3 and 4 exd5 Qxd5} 9. Nbxd4 Nxd4 10. Nxd4 Qc7 11. Qe2 (11. Bb3 Bd6 12. Qh5 Nf6 13. Qh4 Bd7 14. Bg5 O-O-O 15. Rad1 h6 16. Bxf6 gxf6 {½-½ (24) Navara,D (2737)-Harikrishna,P (2737) Biel 2017}) 11... Bd6 {LiveBook: 30 Games} 12. Rd1 Bxh2+ $146 ({Predecessor:} 12... Ne7 13. h3 O-O 14. Bd3 e5 15. Nf3 h6 16. b3 Be6 {½-½ (27) Murillo Tsijli,A (2365)-Minero Pineda,S (2405) Costa Rica 1996}) 13. Kh1 Be5 $1 14. f4 (14. Bb5+ $1 $11 Kf8 15. Nf3) 14... Bxd4 15. Rxd4 {Threatens to win with f5.} Ne7 16. Bd3 Bd7 17. a4 Rd8 18. Bd2 Bc6 (18... O-O $1 $17 {White should prevent ...Nf5.} 19. Rc4 Bc6) 19. Rxd8+ $1 $11 Qxd8 20. f5 Nd5 (20... exf5 $2 21. Bb4 $18) 21. Rf1 {[%cal Ba1f1,Bf1f2,Bf2f4,Bf4d4,Bd4d7][%mdl 32]} Qh4+ 22. Kg1 Qd4+ 23. Rf2 $1 Kd7 (23... Bd7 $1 $11) 24. fxe6+ (24. c3 $16 Qxa4 25. fxe6+ fxe6 26. Rf7+ Kc8 27. c4 (27. Rxg7 Re8 $11) (27. Qxe6+ Kb8 $11)) 24... fxe6 $14 25. c4 Nf6 {Strongly threatening ...Ng4.} 26. Be3 (26. Bc3 $1 $16 {[%cal Rc3d4]} Qd6 27. b4 Bxa4 28. c5) 26... Qh4 ({Black should try} 26... Qe5 $11) 27. Rf4 {[%mdl 1024] White has compensation.} Qg3 28. Rd4+ Kc8 29. Bf4 Qg4 30. Qd2 $1 {And now Be5 would win.} Rf8 (30... Qh5 $11 31. Bg3 Re8) 31. Be5 $16 Ne4 $2 {[#]} (31... Qh5 $16 32. Qa5 b6) 32. Bxe4 $1 $18 Bxe4 {[#]} 33. Rd7 $1 $40 {[%cal Rd7c7][%mdl 128] Rc7+ would kill now. Black is in trouble.} Rf1+ ({Don't go for} 33... Qf5 $2 34. Rc7+ Kb8 35. Rf7+ Qxe5 36. Rxf8+ Kc7 37. b4 $18) 34. Kxf1 {[%csl Gd2][%cal Rd7d8]} Qxg2+ $2 (34... Bxg2+ 35. Qxg2 (35. Kf2 Qf3+ 36. Kg1 Qf1+ 37. Kh2 Qh1+ 38. Kg3 Qh3+ 39. Kf2 Qf3+ 40. Kg1 Qf1+ 41. Kh2 Qh1+ 42. Kg3 Qh3+ 43. Kf2 Qf3+ $11) 35... Qxg2+ 36. Kxg2 Kxd7 37. Bxg7 Kd6) 35. Qxg2 ({Stronger than} 35. Ke1 Qh1+ 36. Kf2 Qg2+ 37. Ke1 Qh1+ 38. Kf2 Qg2+ 39. Ke1 $11) 35... Bxg2+ 36. Kxg2 {Threatening mate with Rc7+.} Kxd7 37. Bxg7 {KB-KP} Kc6 38. Bd4 e5 39. Be3 b5 40. axb5+ axb5 41. b3 {Precision: White = 66%, Black = 38%.} 1-0